La momia misteriosa /
Zapisane w:
| 1. autor: | |
|---|---|
| Kolejni autorzy: | |
| Format: | Książka |
| Język: | hiszpański |
| Wydane: |
Bilbao, España :
Astiberri,
2016, c2016
|
| Hasła przedmiotowe: | |
| Etykiety: |
Nie ma etykietki, Dołącz pierwszą etykiete!
|
MARC
| LEADER | 00000nam^a2200000^a^4500 | ||
|---|---|---|---|
| 001 | 000579590 | ||
| 005 | 20250521000000.0 | ||
| 009 | 20260310132532.365 | ||
| 020 | |a 978-84-16251-44-5 | ||
| 037 | |a Acervo ITESO - Biblioteca | ||
| 041 | |a ESP | ||
| 082 | |a 741. 57 |b JAS | ||
| 100 | |a Jason |e (autor) | ||
| 245 | 1 | 3 | |a La momia misteriosa / |c Jason ; tr. por O. Palmer. |
| 264 | 4 | |a Bilbao, España : |b Astiberri, |c 2016, c2016 | |
| 300 | |a 142 p. | ||
| 336 | |a texto |b txt |2 rdacontenido | ||
| 337 | |a sin mediación |b n |2 rdamedio | ||
| 338 | |a volumen |b nc |2 rdasoporte | ||
| 500 | |a Traducción de: Den hemmelighetsfulle mummie | ||
| 521 | |a FIL 2023 DIA | ||
| 545 | 0 | |a John Arne Sæterøy, comúnmente conocido como Jason (Molde, 1965 - ) es un multipremiado artista noruego conocido por sus historietas e ilustraciones protagonizadas por animales antropomórficos, su humor absurdo y sus historias de corte fantástico. Inició su carrera en 1981 publicando historietas en la revista noruega KonK, y ganó en 1991 el premio principal noruego de la Asociación de Caricaturistas. En 1995 publicó por primera vez una novela gráfica, Lomma full av regn, y ha mantenido una prolífica carrera con Espera… (2001), ¡Chhht! (2002), ¿Por qué haces esto? (2005), No me dejes nunca (2006), Yo maté a Adolf Hitler (2007), El último mosquetero (2008), Low Moon (2009), Los hombres lobo de Montpellier (2010), Un noruego en el camino de Santiago (2017) y ¡Oh, Josefina! (2019), entre otras novelas gráficas. | |
| 649 | |a XX | ||
| 650 | |a Historietas y Caricaturas de Humor - |z Noruega | ||
| 650 | |a Historietas y Caricaturas Noruegas | ||
| 650 | |a Medios Impresos | ||
| 650 | |a Medios de Comunicación | ||
| 650 | |a Comunicación Visual | ||
| 650 | |a Comunicación Masiva | ||
| 700 | |a Palmer, Oscar |e (traducción) | ||
| 910 | |a Fondo General | ||
| 920 | |a Impresos - Libros | ||
| 930 | |a Colección General | ||
| 905 | |a 101 | ||
| 901 | |a 0500406190 |b IT1 |c ACC |i C185206 |u 20250521 | ||
| 902 | |a https://opac.biblio.iteso.mx/vufind/Record/000579590 | ||